000 00251nam a2200109Ia 4500
008 200302s9999 xx 000 0 und d
100 _aDon Martindale & Other
245 _aCity Max Weber
260 _bCollier Books
260 _c1962
300 _a256 P.,
999 _c5648
_d5648